000 00685nam a22002177 4500
999 _c1388
_d1388
003 AR-BaISA
005 20230823104509.0
007 ta
008 230823s1971 ag |||| |||| 000 0 spa d
040 _bspa
_cAR-BaISA
082 0 4 _222
_a616.89 H656
100 1 _93033
_aHochmann, Jacques
245 1 0 _aHacia una psiquiatría comunitaria:
_btesis para una psiquiatría de los conjuntos /
_cJacques Hochmann
260 _aBuenos Aires:
_bAmorrortu,
_c1971
300 _a262 p.
490 1 _aBiblioteca de psicología
504 _aBibliografía p.: 261-262.
650 1 0 _9241
_aPsiquiatría comunitaria
830 _92315
_aBiblioteca de psicología (Amorrortu)
942 _2ddc
_cLI
_e22